Score 0/60 Timer 04:00
7 Plays Today
% Correct
August
88.9%
July
86.8%
Shaggy
85.6%
Vancouver
85.6%
Dasher
84.5%
Sacramento
82.8%
Daphne
81.1%
Vixen
80.9%
Circulatory
76.1%
Craig
76%
Respiratory
75.9%
Calgary
75.7%
Fiji
70.5%
Patriots
69.5%
Carrie
69.3%
Nepal
69.1%
Laos
68%
Catcher
65.8%
Lansing
65.4%
Shortstop
65.4%
Jets
65.1%
Moore
63.8%
Sorry
61.1%
Squish
61%
Tonga
59%
Pontiac
58.7%
Misery
57.9%
Enquire
56.8%
History
56.1%
Ricky
55.3%
% Correct
Liesl
54.1%
Trouble
54%
Language
53%
Apostrophe
52.2%
Ethel
51.4%
Lettuce
50.6%
Friedrich
50.5%
Cheese
49.2%
Candlestick
47.2%
Horton
46.6%
Pierce
46.4%
Saturn
46.1%
Rope
45.6%
Burns
45%
Cleese
42.7%
Lust
41.8%
Donatello
40.9%
Envy
39.7%
Raphael
39.6%
Upsilon
39.4%
Hobbit
39.1%
Gamma
39.1%
Ellipsis
37.9%
Dwarf
36.9%
Sabrina
35.6%
Charade
30.6%
Zooropa
27.9%
Idle
25.5%
October
21.4%
Thidwick
21.1%
Remove Ads.
Support Sporcle.
Get the best of Sporcle when you Go Orange. This ad-free experience offers more features, more stats, and more fun while also helping to support Sporcle. Thank you for becoming a member.

You're not logged in!

Compare scores with friends on all Sporcle quizzes.
OR
Log In

Show Comments

Extras

Top Quizzes Today


Score Distribution

Your Account Isn't Verified!

In order to create a playlist on Sporcle, you need to verify the email address you used during registration. Go to your Sporcle Settings to finish the process.

Report this User

Report this user for behavior that violates our Community Guidelines.

Details: